000 00665cam a2200205 4500
001 D15045
008 090401t1978 xxu||||| |||| 00| 0 eng d
035 _a(Sirsi) u19868
041 _aeng
050 _a692.5
110 _aRoyal Institution of Chartered Surveyors
_bCentral London Branch
_9786
245 _aAmendments required in order to achieve greater responsibility and a more positive role for the quantity surveyor under the JCT contract: report of a research group
260 _c1978
300 _a18p. 30cm
350 _a0
520 _aFiled in box RICS 1978/63 AC
710 _aQuantity Surveyors Division
942 _n0
948 _c04/03/1997
999 _c87722
_d87722